General zoology. (Record no. 24749)
[ view plain ]
| 000 -LEADER | |
|---|---|
| fixed length control field | 00311nam a2200133Ia 4500 |
| 082 ## - DEWEY DECIMAL CLASSIFICATION NUMBER | |
| Classification number | 591 |
| Item number | STO |
| 100 ## - MAIN ENTRY--AUTHOR NAME | |
| Personal name | STORE, Tracy I |
| 245 #0 - TITLE STATEMENT | |
| Title | General zoology. |
| 250 ## - EDITION STATEMENT | |
| Edition statement | Ed.5 |
| 260 ## - PUBLICATION, DISTRIBUTION, ETC. (IMPRINT) | |
| Place of publication | New Delhi |
| Name of publisher | Tata Mcgraw Hill |
| Year of publication | 1951 |
| 650 ## - SUBJECT ADDED ENTRY--TOPICAL TERM | |
| Topical Term | Zoology |
| 942 ## - ADDED ENTRY ELEMENTS (KOHA) | |
| Koha item type | Books |
| Withdrawn status | Lost status | Damaged status | Not for loan | Home library | Current library | Date acquired | Full call number | Accession Number | Koha item type |
|---|---|---|---|---|---|---|---|---|---|
| Write off | RRII Library | RRII Library | 16/12/2021 | 591 STO | 05421 | Books |